000 00318 a2200145 4500
001 170015
020 _a
040 _cMagnum
100 _aOzmon, Howard
240 1 0 _aFilosofia da educacao: um dialogo
_lpor
245 1 0 _aFilosofia da educacao: um dialogo
362 0 _a1899
697 _aFILOSOFIA
942 _cBK
999 _c170015
_d170015